| 000 | 00482pam a2200169 a 4500 | ||
|---|---|---|---|
| 020 | _a053492171X | ||
| 082 | 0 | 0 |
_a624.15 _bDAS _cL-14 |
| 100 | 1 |
_aDas, Braja M., _923492 |
|
| 245 | 1 | 0 |
_aPrinciples of foundation engineering / _cBraja M. Das. |
| 250 | _a2nd ed. | ||
| 260 |
_aBoston : _bPWS-Kent Pub. Co., _cc1990. |
||
| 300 |
_axvii, 731 p. : _bill. ; _c24 cm. |
||
| 526 |
_a0 _b0 _c0 _d624_150000000000000_DAS |
||
| 650 | 0 |
_aFoundations. _9892 |
|
| 650 | 0 |
_aMCE _9379 |
|
| 942 |
_2ddc _cBK |
||
| 999 |
_c546289 _d546289 |
||